000 00421nam a2200193Ia 4500
008 151121s9999||||xx |||||||||||||| ||und||
082 _a821/Das
082 _bHNW-79567
100 _aDas J।P।
245 _aLovelines
260 _b"Virgo, Delhi।"
260 _c--
300 _a77
600 _aDas J।P।
630 _aLovelines
700 _aDas J।P।
730 _aLovelines
942 _cBOOK
999 _c1260929
_d1260926